01122nam a22002057a 4500003000800000008004100008037002000049040003500069041000800104080001300112100003100125245022100156260009500377300002400472502017100496650009700667650009700764655002300861700003200884BI-BuBU260318b2025 bd fr|||| 000 0 fre d bDon de l'auteur aBI-BuBUbfrecBI-BuBUdBI-BuBU0 afre a658.152.1 4aut.aNzigamwanayo, Samuel10aEffets des investisements directs étrangers sur le développement industriel en Afrique Subsahariennebrôle de la gouvernance et de l'ouverture commercialecSamuel Nzigamwanayo ; Jean Petit Sinamenye, directeur aBujumburabUniversité du Burundi, Faculté des Sciences Economiques et de Gestionc2025 aXIII-146 f.c30 cm. aMémoire présenté et défendu publiquement en vue de l'obtention du diplôme de Master en Analyse Economique et Développement. Option : Analyse économique 72BI-BuBUaInvestissement direct étrangerxDéveloppement industrielzAfrique subsaharienne 72BI-BuBUaDéveloppement industrielxInvestissement direct étrangerzAfrique subsaharienne 72BI-BuBUaMémoire1 4dir.aSinamenye, Jean Petit